<?xml version="1.0" encoding="UTF-8"?>
<collection xmlns="http://www.loc.gov/MARC21/slim">
<record>
  <controlfield tag="001">47447</controlfield>
  <controlfield tag="005">20221001000437.0</controlfield>
  <datafield tag="024" ind1="7" ind2=" ">
    <subfield code="a">I:(DE-Ds200)Coll-GSI-HITRAP</subfield>
    <subfield code="2">I:(DE-Ds200)</subfield>
    <subfield code="d">HITRAP</subfield>
  </datafield>
  <datafield tag="035" ind1=" " ind2=" ">
    <subfield code="a">I:(DE-Ds200)Coll-GSI-HITRAP</subfield>
  </datafield>
  <datafield tag="110" ind1="1" ind2=" ">
    <subfield code="a">Collaboration GSI: HITRAP</subfield>
    <subfield code="g">Collaboration</subfield>
  </datafield>
  <datafield tag="410" ind1="1" ind2=" ">
    <subfield code="a">HITRAP@GSI</subfield>
    <subfield code="w">d</subfield>
  </datafield>
  <datafield tag="410" ind1="1" ind2=" ">
    <subfield code="a">A facility for experiments with heavy highly charged ions and antiprotons</subfield>
  </datafield>
  <datafield tag="510" ind1="1" ind2=" ">
    <subfield code="a">GSI Helmholtzzentrum für Schwerionenforschung GmbH</subfield>
    <subfield code="0">I:(DE-Ds200)20121206GSI</subfield>
    <subfield code="2">I:(DE-Ds200)</subfield>
    <subfield code="w">t</subfield>
  </datafield>
  <datafield tag="909" ind1="C" ind2="O">
    <subfield code="o">oai:repository.gsi.de:47447</subfield>
    <subfield code="p">authority:INSTITUTION</subfield>
    <subfield code="p">authority:INSTITUTE</subfield>
    <subfield code="p">authority</subfield>
  </datafield>
  <datafield tag="980" ind1=" " ind2=" ">
    <subfield code="a">I</subfield>
  </datafield>
  <datafield tag="980" ind1=" " ind2=" ">
    <subfield code="a">Institution</subfield>
  </datafield>
  <datafield tag="980" ind1=" " ind2=" ">
    <subfield code="a">AUTHORITY</subfield>
  </datafield>
</record>
</collection>